Salud percibida, satisfacción de las necesidades psicológicas básicas, motivación y conductas de salud: comparación entre la etapa de la educación secundaria y la universitaria / (Record no. 12587)

MARC details
000 -LEADER
campo de control de longitud fija 01583nmm a2200265 i 4500
003 - IDENTIFICADOR DE NÚMERO DE CONTROL
campo de control DO-SdISF
005 - FECHA Y HORA DE LA ÚLTIMA TRANSACCIÓN
campo de control 20250401151405.0
007 - CAMPO FIJO DE DESCRIPCIÓN FÍSICA--INFORMACIÓN GENERAL
campo de control de longitud fija ta
008 - DATOS DE LONGITUD FIJA--INFORMACIÓN GENERAL
campo de control de longitud fija 240130s2020 dr ||||fo||d| 00| 0 spa d
040 ## - FUENTE DE CATALOGACIÓN
Centro catalogador/agencia de origen CGIP0039
Lengua de catalogación spa
Normas de descripción rda
Centro/agencia transcriptor CGIP0039
100 1# - ENTRADA PRINCIPAL--NOMBRE DE PERSONA
Nombre de persona Bueno Pérez, Junior José
Término indicativo de función/relación autor
9 (RLIN) 31093
245 10 - MENCIÓN DEL TÍTULO
Título Salud percibida, satisfacción de las necesidades psicológicas básicas, motivación y conductas de salud: comparación entre la etapa de la educación secundaria y la universitaria /
Mención de responsabilidad, etc. sustentante : Junior José Bueno Pérez ; asesor: Roberto Francisco Ferriz Morell
264 #1 - PRODUCCIÓN, PUBLICACIÓN, DISTRIBUCIÓN, FABRICACIÓN Y COPYRIGHT
Producción, publicación, distribución, fabricación y copyright Santo Domingo :
Nombre del de productor, editor, distribuidor, fabricante ISFODOSU,
Fecha de producción, publicación, distribución, fabricación o copyright 2020
300 ## - DESCRIPCIÓN FÍSICA
Extensión 1 recurso en línea (105 hojas)
Otras características físicas ilustraciones
336 ## - TIPO DE CONTENIDO
Fuente rdacontent
Término de tipo de contenido texto
Código de tipo de contenido txt
337 ## - TIPO DE MEDIO
Fuente rdamedia
Nombre/término del tipo de medio computadora
Código del tipo de medio c
338 ## - TIPO DE SOPORTE
Fuente rdacarrier
Nombre/término del tipo de soporte recurso en líea
Código del tipo de soporte cr
347 ## - CARACTERÍSTICAS DEL ARCHIVO DIGITAL
Fuente rda
Tipo de archivo archivo de texto
Formato de codificación PDF
502 ## - NOTA DE TESIS
Nota de tesis Tesis para optar por el título de Maestría en Educación Física Integral - Instituto Superior de Formación Docente Salomé Ureña - ISFODOSU, Recinto Eugenio María de Hostos, 2020
504 ## - NOTA DE BIBLIOGRAFÍA, ETC.
Nota de bibliografía, etc. Nota Bibliografía en página 67
505 ## - NOTA DE CONTENIDO CON FORMATO
Nota de contenido con formato Introducción al problema de investigación 1 – Revisión de la literatura 13 – Metodología 38 – Presentación de los resultados 50 – Interpretación de los resultados 55 - Referencias bibliográficas 67 – anexos 85
700 1# - ENTRADA AGREGADA--NOMBRE PERSONAL
Nombre de persona Ferriz Morell, Roberto Francisco
Término indicativo de función/relación autor
9 (RLIN) 31091
856 ## - LOCALIZACIÓN Y ACCESO ELECTRÓNICOS
Texto de enlace Clic para ver Texto Completo
Identificador Uniforme de Recurso <a href="https://biblioteca.isfodosu.edu.do/cgi-bin/koha/opac-retrieve-file.pl?id=8f088e57249a04f75c828098041ccd6e">https://biblioteca.isfodosu.edu.do/cgi-bin/koha/opac-retrieve-file.pl?id=8f088e57249a04f75c828098041ccd6e</a>
942 ## - ELEMENTOS DE ENTRADA SECUNDARIOS (KOHA)
Fuente de la clasificación o esquema de estantería
Tipo de ítem Koha
Suprimir en OPAC No
Holdings
Estatus retirado Estado de pérdida Fuente de la clasificación o esquema de estantería Estado de daño No para préstamo Biblioteca de origen Biblioteca actual Fecha de adquisición Total de préstamos Visto por última vez Identificador uniforme de recursos Precio de reemplazo Tipo de ítem Koha
    Clasificación Decimal Dewey     Repositorio INERED Repositorio INERED 19/03/2025   19/03/2025 https://biblioteca.isfodosu.edu.do/cgi-bin/koha/opac-retrieve-file.pl?id=8f088e57249a04f75c828098041ccd6e 19/03/2025 Tesis digital

© 2024. Todos los Derechos Reservados. Desarrollado por IDEICE